Vài nét về viện hàn lâm khoa học và khoa học lịch sử Bungari /

שמור ב:
מידע ביבליוגרפי
מחבר ראשי: Lê Khôi.
פורמט: Bài viết
שפה:Vietnamese
נושאים:
תגים: הוספת תג
אין תגיות, היה/י הראשונ/ה לתייג את הרשומה!
Thư viện lưu trữ: Thư viện Trường Đại học Đà Lạt
LEADER 00779nam a2200265 4500
001 DLU090086534
005 ##20090923
040 # # |a DLU  |b vie 
041 # # |a vie 
044 # # |a vn 
100 # # |a Lê Khôi.  
245 # # |a Vài nét về viện hàn lâm khoa học và khoa học lịch sử Bungari /  |c Lê Khôi.  
653 # # |a Bungari 
653 # # |a Lịch sử thế giới  
653 # # |a Viện hàn lâm khoa học  
773 # # |t Nghiên cứu lịch sử  |g Số 5(218), 1984, tr. 88-92 
920 # # |a Phòng Tạp chí -- Trung tâm Thông tin - Thư viện Trường Đại học Đà Lạt 
994 # # |a DLU 
900 # # |a True 
911 # # |a Nguyễn Thị Linh Chi 
925 # # |a G 
926 # # |a A 
927 # # |a BB 
980 # # |a Thư viện Trường Đại học Đà Lạt